<?xml version="1.0" encoding="UTF-8"?>
<marc:record xmlns:marc="http://www.loc.gov/MARC21/slim">
   <marc:leader>00000nam a2200000 a 4500</marc:leader>
   <marc:datafield ind1="1" ind2=" " tag="100">
      <marc:subfield code="a">Fforde, Katie</marc:subfield>
      <marc:subfield code="4">aut</marc:subfield>
      <marc:subfield code="e">Verfasser/-in</marc:subfield>
   </marc:datafield>
   <marc:datafield ind1="0" ind2="0" tag="245">
      <marc:subfield code="a">Eine perfekte Partie</marc:subfield>
   </marc:datafield>
   <marc:datafield ind1=" " ind2="1" tag="264">
      <marc:subfield code="b">Audio Media Verlag</marc:subfield>
      <marc:subfield code="c">2019</marc:subfield>
   </marc:datafield>
   <marc:datafield ind1="1" ind2=" " tag="520">
      <marc:subfield code="a">Vor drei Jahren hat Bella ihre Heimatstadt verlassen, um ihren Traummann, den bereits vergebenen Dominic, endlich zu vergessen. Nun lebt sie in den idyllischen Cotswolds, arbeitet erfolgreich als Immobilienmaklerin - und ist mit dem smarten Nevil liiert. Doch irgendwann beschleicht sie das Gefühl, dass Nevil etwas vor ihr verheimlicht. Und als eines Tages Dominic auftaucht, den die Suche nach seinem Wunschhaus in die Gegend geführt hat, geraten ihre Gefühle erneut in Aufruhr. Dabei ist sie über Dominic doch längst hinweg. Oder nicht?</marc:subfield>
   </marc:datafield>
   <marc:datafield ind1="3" ind2=" " tag="024">
      <marc:subfield code="a">9783963980732</marc:subfield>
   </marc:datafield>
</marc:record>
